LEADER 02383oam 2200589I 450 001 9910783727603321 005 20230422044318.0 010 $a1-134-70612-X 010 $a0-203-13300-5 010 $a0-203-16966-2 010 $a1-134-70613-8 010 $a1-280-32806-1 024 7 $a10.4324/9780203133002 035 $a(CKB)1000000000247885 035 $a(EBL)165751 035 $a(OCoLC)171115261 035 $a(SSID)ssj0000105470 035 $a(PQKBManifestationID)11127319 035 $a(PQKBTitleCode)TC0000105470 035 $a(PQKBWorkID)10105697 035 $a(PQKB)10114309 035 $a(MiAaPQ)EBC165751 035 $a(Au-PeEL)EBL165751 035 $a(CaPaEBR)ebr5001594 035 $a(CaONFJC)MIL32806 035 $a(OCoLC)252792287 035 $a(EXLCZ)991000000000247885 100 $a20180331d2000 uy 0 101 0 $aeng 135 $aur|n|---||||| 181 $ctxt 182 $cc 183 $acr 200 10$aArguing well /$fJohn Shand 210 1$aLondon ;$aNew York :$cRoutledge,$d2000. 215 $a1 online resource (113 p.) 300 $aDescription based upon print version of record. 311 $a0-415-16686-1 311 $a0-415-16685-3 320 $aIncludes bibliographical references (p. 99-101) and index. 327 $aBook Cover; Title; Contents; Preface; Introduction; Rationale; Arguments; How arguments fail; Definitions; Basic symbolic logic; Understanding reason is not enough; Further reading; Index 330 $aArguing Well is a lucid introduction to the nature of good reasoning, how to test and construct successful arguments. It assumes no prior knowledge of logic or philosophy. The book includes an introduction to basic symbolic logic. Arguing Well introduces and explains: * The nature and importance of arguments * What to look for in deciding whether arguments succeed or fail * How to construct good arguments * How to make it more certain that we reason when we should The book is ideal for any student embarking on academic study where presenting arguments are what matters most; in fact, for all pe 606 $aReasoning 615 0$aReasoning. 676 $a168 700 $aShand$b John$f1956,$01529181 801 0$bFlBoTFG 801 1$bFlBoTFG 906 $aBOOK 912 $a9910783727603321 996 $aArguing well$93773238 997 $aUNINA LEADER 01556nam a2200289 a 4500 001 991002031379707536 005 20250321143009.0 008 250321m19761983gw 001 0dger 035 $ab14109839-39ule_inst 040 $aBibl. Dip.le Aggr. Studi Umanistici - Sez. Filosofia$bita 082 1 $a936 245 14$aDie Germanen :$bGeschichte und Kultur der germanischen Stämme in Mitteleuropa : ein Handbuch in zwei Bänden /$causgearbeitet von einem Autorenkollektiv unter Leitung von Bruno Krüger 260 $aBerlin :$bAkademie-Verlag,$c1976-1983 300 $a2 v. :$bill. ;$c25 cm. 490 0 $aVeröffentlichungen des Zentralinstituts für Alte Geschichte und Archäologie der Akademie der Wissenschaften der DDR ;$v4 504 $aBibliografia: v. 1, p. 544-551. Indice 505 0 $g1.:$tVon den Anfängen bis zum 2. Jahrhundert unserer Zeitrechnung. - 1976.$g- 568 p. 505 0 $g2.: Die$tStämme und Stammesverbände in der Zeit vom 3. Jahrhundert bis zur Herausbildung der politischen Vorherrschaft der Franken. - 1983.$g- 713 p. 650 4$aCiviltà germanica 700 1 $aKrüger, Bruno 907 $a.b14109839$b02-04-14$c19-04-13 912 $a991002031379707536 945 $aLE005 Fondo Montinari 0009$cv. 1$g1$i2005000352089$lle005$og$pE25.00$q-$rn$s-$t0$u0$v0$w0$x0$y.i15501966$z19-04-13 945 $aLE005 Fondo Montinari 0009$cv. 2$g1$i2005000352096$lle005$og$pE25.00$q-$rn$s-$t0$u0$v0$w0$x0$y.i15501978$z19-04-13 996 $aGermanen$9264591 997 $aUNISALENTO 998 $ale005$b19-04-13$cm$da$e-$fger$gde$h4$i0